Black children: social, educational, and parental environments
| Otros Autores: | |
|---|---|
| Tipo de documento: | Print Libro |
| Lenguaje: | Inglés |
| Publicado: |
Beverly Hills, Calif. [u.a.]
Sage
1985
|
| En: |
Sage focus editions (72)
Año: 1985 |
| Acceso en línea: |
Contributor biographical information Publisher description Table of contents |
| Disponibilidad en Tübingen: | Disponible en Tübingen. UB: KB 18 A 434 |
| Verificar disponibilidad: | HBZ Gateway |
| Servicio de pedido Subito: | Pedir ahora. |
| Palabras clave: |
MARC
| LEADER | 00000cam a2200000 c 4500 | ||
|---|---|---|---|
| 001 | 273195638 | ||
| 003 | DE-627 | ||
| 005 | 20251222212425.0 | ||
| 007 | tu | ||
| 008 | 990101s1985 xxu||||| 00| ||eng c | ||
| 020 | |a 0803924623 |9 0-8039-2462-3 | ||
| 020 | |a 0803924615 |9 0-8039-2461-5 | ||
| 035 | |a (DE-627)273195638 | ||
| 035 | |a (DE-576)020883307 | ||
| 035 | |a (DE-599)GBV273195638 | ||
| 035 | |a (OCoLC)246445019 | ||
| 035 | |a (OCoLC)11842460 | ||
| 035 | |a (OCoLC)11842460 | ||
| 035 | |a (DE-604)8003115895 | ||
| 040 | |a DE-627 |b ger |c DE-627 |e rakwb | ||
| 041 | |a eng | ||
| 044 | |c XD-US | ||
| 050 | 0 | |a E185.86 | |
| 082 | 0 | |a 305.2/3 |q OCLC |2 19 | |
| 082 | 0 | |a 305.2/3/08996073 | |
| 082 | 0 | |a 305.2308996073 | |
| 245 | 0 | 0 | |a Black children |b social, educational, and parental environments |c ed. by Harriette Pipes McAdoo ... |
| 264 | 1 | |a Beverly Hills, Calif. [u.a.] |b Sage |c 1985 | |
| 300 | |a 279 S. |b graph. Darst. | ||
| 336 | |a Text |b txt |2 rdacontent | ||
| 337 | |a ohne Hilfsmittel zu benutzen |b n |2 rdamedia | ||
| 338 | |a Band |b nc |2 rdacarrier | ||
| 490 | 1 | |a Sage focus editions |v 72 | |
| 500 | |a Includes bibliographies and indexes | ||
| 583 | 1 | |a Archivierung prüfen |c 20200919 |f DE-640 |z 2 |2 pdager | |
| 650 | 0 | |a African American children |x Social conditions | |
| 655 | 7 | |a Aufsatzsammlung |0 (DE-588)4143413-4 |0 (DE-627)105605727 |0 (DE-576)209726091 |2 gnd-content | |
| 689 | 0 | 0 | |d g |0 (DE-588)4078704-7 |0 (DE-627)106076612 |0 (DE-576)209209682 |a USA |2 gnd |
| 689 | 0 | 1 | |d s |0 (DE-588)4030550-8 |0 (DE-627)104360100 |0 (DE-576)208988165 |a Kind |2 gnd |
| 689 | 0 | 2 | |d s |0 (DE-588)4116433-7 |0 (DE-627)104219890 |0 (DE-576)209501537 |a Schwarze |2 gnd |
| 689 | 0 | |5 (DE-627) | |
| 689 | 1 | 0 | |d g |0 (DE-588)4078704-7 |0 (DE-627)106076612 |0 (DE-576)209209682 |a USA |2 gnd |
| 689 | 1 | 1 | |d s |0 (DE-588)4116433-7 |0 (DE-627)104219890 |0 (DE-576)209501537 |a Schwarze |2 gnd |
| 689 | 1 | 2 | |d s |0 (DE-588)4030550-8 |0 (DE-627)104360100 |0 (DE-576)208988165 |a Kind |2 gnd |
| 689 | 1 | |5 (DE-627) | |
| 700 | 1 | |a McAdoo, Harriette P. |e Hrsg. |0 (DE-588)1157229913 |0 (DE-627)1021029475 |0 (DE-576)502748095 |4 edt | |
| 830 | 0 | |a Sage focus editions |v 72 |9 72 |w (DE-627)130505293 |w (DE-576)01213273X |w (DE-600)762166-8 |7 am | |
| 856 | 4 | 2 | |u http://www.loc.gov/catdir/enhancements/fy0658/85002307-d.html |x Verlag |y Publisher description |7 1 |
| 856 | 4 | 2 | |u http://www.loc.gov/catdir/enhancements/fy0658/85002307-t.html |x Verlag |y Table of contents |7 1 |
| 856 | 4 | 2 | |u http://www.loc.gov/catdir/enhancements/fy0738/85002307-b.html |x Verlag |y Contributor biographical information |7 1 |
| 889 | |w (DE-627)042040388 | ||
| 935 | |i mdedup | ||
| 935 | |i Blocktest | ||
| 951 | |a BO | ||
| ELC | |b 1 | ||
| LOK | |0 000 xxxxxcx a22 zn 4500 | ||
| LOK | |0 001 3340211647 | ||
| LOK | |0 003 DE-627 | ||
| LOK | |0 004 273195638 | ||
| LOK | |0 005 19900704000000 | ||
| LOK | |0 008 900704||||||||||||||||ger||||||| | ||
| LOK | |0 040 |a DE-21 |c DE-627 |d DE-21 | ||
| LOK | |0 852 |a DE-21 | ||
| LOK | |0 852 1 |c KB 18 A 434 |9 00 | ||
| LOK | |0 935 |a krim | ||
| LOK | |0 936ln |a k1 | ||
| LOK | |0 939 |a 04-07-90 |b l01 | ||
| ORI | |a SA-MARC-krimdoka001.raw | ||
| SIG | |a UB: KB 18 A 434 | ||
